000 00409nam a2200157Ia 4500
008 230711s9999||||xx |||||||||||||| ||und||
041 _aENG
082 _a720
_bLO-A
100 _aLowry,William P.
245 0 _aAtmospheric ecology for designer and planner
250 _a1st Ed.
260 _c1991
_aNew York
_bVan Nostrand Reinhold Co.
650 _aArchitecture
700 _aLowry,William P.
942 _cBK
999 _c3238
_d3238